Business research methods / (Record no. 19785)

MARC details
000 -LEADER
fixed length control field 00442nam a22001577a 4500
003 - CONTROL NUMBER IDENTIFIER
control field OSt
008 - FIXED-LENGTH DATA ELEMENTS--GENERAL INFORMATION
fixed length control field 231205b2015 |||||||| |||| 00| 0 eng d
020 ## - INTERNATIONAL STANDARD BOOK NUMBER
International Standard Book Number 9780198094739
082 ## - DEWEY DECIMAL CLASSIFICATION NUMBER
Classification number 658.4031
Item number MIS-B
100 ## - MAIN ENTRY--PERSONAL NAME
Personal name Mishra, Prahlad
245 ## - TITLE STATEMENT
Title Business research methods /
Statement of responsibility, etc Prahlad Mishra
260 ## - PUBLICATION, DISTRIBUTION, ETC. (IMPRINT)
Place of publication, distribution, etc New Delhi :
Name of publisher, distributor, etc Oxford University Press,
Date of publication, distribution, etc 2015.
300 ## - PHYSICAL DESCRIPTION
Extent / Pages xviii, 832 p. ;
650 ## - SUBJECT ADDED ENTRY--TOPICAL TERM
Topical term or geographic name as entry element Business -Research-Methodology
942 ## - ADDED ENTRY ELEMENTS (KOHA)
Source of classification or shelving scheme
Koha item type Books
Holdings
Withdrawn status Lost status Source of classification or shelving scheme Damaged status Not for loan Home library Current library Date acquired Currency Cost, normal purchase price Full call number Barcode Date last seen Copy number Bill Date Koha item type Bill Number
          SOBD Library SOBD Library 05/12/2023 INR 975.00 658.4031 MIS-B1 004669 05/12/2023 1 05/12/2023 Books 088
Hosted, Implemented, Customized & Maintained by: BestBookBuddies

Powered by Koha